000 00348nam a2200121Ia 4500
008 180219s9999 xx 000 0 und d
020 _a9780323279406
100 _aWarekois, Robin S.
245 _cRobinson, Richard
_aPhlebotomy :
_bworktext and procedures manual
250 _a4th ed
260 _aCanada :
_bElsevier
_c2016
300 _av, 363 pages
999 _c356022
_d356022